000 00299nam a22001217a 4500
008 240423b |||||||| |||| 00| 0 eng d
082 _aQK 71
_b.H55
100 _aHILL, BEN
245 _aBOTANY A TEXTBOOK FOR COLLEGES
250 _a4th
260 _aLONDON
_bMCGREW HILL BOOK COMPANY
_c1967
942 _cBK
999 _c501
_d501